| 000 | 01112nam a2200241 a 4500 | ||
|---|---|---|---|
| 001 | BRCA_8982 | ||
| 005 | 20190320210500.0 | ||
| 008 | 100717s1765----sp-#######---#000-0#spa-# | ||
| 041 | _aspa | ||
| 044 | _asp | ||
| 084 |
_aCO74 _b.F49 1765 |
||
| 100 | 1 |
_aFeijoo, Benito Jerónimo _d1676 - 1764 _922297 |
|
| 245 | 1 | 0 |
_aIlustracion apologetica al primero y segundo tomo del Theatro critico _bdonde se notan mas de quatrocientos descuidos al autor del Anti-Theatro; y de los setenta, que este imputa al Autor del Theatro Critico, se rebajan los sesenta y nueve y medio _cescrito por el M.I.S.D. Fr. Benito Geronimo Feyjoo y Montenegro ... |
| 250 | _a9a ed. | ||
| 260 |
_aMadrid _bEn la Imprenta de Antonio Sanz _c1765 |
||
| 300 |
_a164 p. _c21.2 x 15 cm |
||
| 500 | _aEn portada: A costa de la Compañía de Impresores, y Libreros del Reyno | ||
| 500 | _aCon las licencias necesarias | ||
| 500 | _aEstado físico: presenta encuadernación en pergamino con cintas rotas, presencia del pez de plata y cantos decorados | ||
| 600 | 1 | 4 |
_aFeijoo, Benito Jerónimo _d1676-1764 _922298 |
| 902 | _aCFM | ||
| 942 |
_2lcc _cB |
||
| 999 |
_c8633 _d8633 |
||